header

Security administrator street smarts (Record no. 120990)

MARC details
000 -LEADER
fixed length control field 02824nam a2200397 a 4500
082 04 - DEWEY DECIMAL CLASSIFICATION NUMBER
Classification number 005.8
100 1# - MAIN ENTRY--AUTHOR NAME
Personal name Miller, David,
245 10 - TITLE STATEMENT
Title Security administrator street smarts
250 ## - EDITION STATEMENT
Edition statement 3rd ed.
260 ## - PUBLICATION, DISTRIBUTION, ETC. (IMPRINT)
Place of publication Indianapolis, Ind. :
Name of publisher Wiley Pub.,
Year of publication c2011.
300 ## - PHYSICAL DESCRIPTION
Number of Pages xlii, 580 p.
500 ## - GENERAL NOTE
General note "From book smarts to street smarts"--Cover.
General note Includes index.
520 ## - SUMMARY, ETC.
Summary, etc "A step-by-step guide to the tasks involved in security administrationIf you aspire to a career in security administration, one of your greatest challenges will be gaining hands-on experience. This book takes you through the most common security admin tasks step by step, showing you the way around many of the roadblocks you can expect on the job. It offers a variety of scenarios in each phase of the security administrator's job, giving you the confidence of first-hand experience. Security administrators confront a wide assortment of challenging tasks; those seeking a career in security administration are hampered by a lack of actual experience This guide simulates that experience by walking you through a variety of common tasks, demonstrating step by step how to perform them and how to circumvent roadblocks you may encounter Tasks are arranged according to four phases of the security administrator's role: designing a secure network, creating and implementing standard security policies, identifying insecure systems in an existing environment, and training both onsite and remote users This comprehensive workbook provides the next best thing to intensive on-the-job training for security professionals"--
650 #0 - SUBJECT ADDED ENTRY--TOPICAL TERM
Topical Term Electronic data processing personnel
Topical Term Computer security
Topical Term Computer networks
700 1# - ADDED ENTRY--PERSONAL NAME
Personal name Gregg, Michael
856 40 - ELECTRONIC LOCATION AND ACCESS
Uniform Resource Identifier http://site.ebrary.com/lib/rucke/Doc?id=10484739
520 ## - SUMMARY, ETC.
-- Provided by publisher.

No items available.

© 2026 Rongo University
Contact us: librarian | system librarian | Rongo university